Enrichir son vocabulaire #6 - Statistiques

Statistiques générales
  • Ce quiz a été pris 21 fois
  • Le résultat moyen est 3 sur 10
Statistiques - réponses
Définition Réponse % Correct
Locution latine. Sans indiquer aucune date (pour une autre réunion, pour une autre audience). S{ine} {die}
67%
N. m. Nombre minimum de membres présents pour qu'une assemblée puisse valablement délibérer. Q{uorum}
60%
N. f. Satisfaction de soi-même qui s'étale d'une manière insolente, déplaisante ou ridicule. F{atuité}
47%
Adj. Qui n'a aucune énergie, aucune volonté. V{eule}
47%
V. pron. Prendre une attitude vaniteuse, faire l'important. Se r{engorger}
33%
Adj. Qui fomente des troubles contre le pouvoir établi, qui témoigne d'un esprit de sédition. F{actieux}
13%
N. f. Caractère, attitude d’une personne qui ruse et dissimule ; acte, propos fourbe, dénué de scrupules. R{ouerie}
13%
N. f. Traitement humiliant, affront public. A{vanie}
7%
N. m. Odeur particulière que contractent les objets longtemps renfermés ou exposés à un mauvais air ; relent. R{emugle}
7%
V. Payer quelqu'un pour exécuter des basses besognes ; soudoyer. S{tipendier}
7%
Aucun quiz correspondant
Distribution des résultats
% des personnes avec chaque résultat
Percentile par nombre de réponses
Votre historique - résultats
Vous n’avez pas pris ce quiz